000 00428nam a2200169Ia 4500
008 090711s9999 xx 000 0 und d
082 _b41476
100 _aकीर गिरिजा
245 _aSााहुल
260 _c1979
300 _a108
600 _aकीर गिरिजा
630 _aSााहुल
700 _aकीर गिरिजा
730 _aSााहुल
942 _cBOOK
999 _c320787
_d320787